Ghost tram / (Record no. 3853)

MARC details
000 -LEADER
fixed length control field 00922nam a22002657a 4500
001 - CONTROL NUMBER
control field 3853
003 - CONTROL NUMBER IDENTIFIER
control field FISKH
005 - DATE AND TIME OF LATEST TRANSACTION
control field 20240517101208.0
008 - FIXED-LENGTH DATA ELEMENTS--GENERAL INFORMATION
fixed length control field 240517b cb ||||| |||| 00| 0 eng d
020 ## - INTERNATIONAL STANDARD BOOK NUMBER
International Standard Book Number 9780646947853
040 ## - CATALOGING SOURCE
Original cataloging agency FISKH
Language of cataloging eng
Transcribing agency FISKH
Modifying agency FISKH
082 ## - DEWEY DECIMAL CLASSIFICATION NUMBER
Classification number 398.25
100 ## - MAIN ENTRY--PERSONAL NAME
Personal name Lastdrager, Robert
Relator term author
245 ## - TITLE STATEMENT
Title Ghost tram /
Statement of responsibility, etc. by Robert Lastdrager : illustrated by Richard Cox
260 ## - PUBLICATION, DISTRIBUTION, ETC.
Place of publication, distribution, etc. Oxford :
Name of publisher, distributor, etc. Raptor Books,
Date of publication, distribution, etc. 2015
300 ## - PHYSICAL DESCRIPTION
Extent 21 unnumbered pages :
Other physical details color illustrations ;
Dimensions 23 cm
505 ## - FORMATTED CONTENTS NOTE
Formatted contents note J <br/>
520 ## - SUMMARY, ETC.
Summary, etc. A whimsical allegory for life at journey's end, Ghost Tram wends its way through old Melbourne at night, its progress witnessed by creatures great and small whose time is not yet nigh.
521 8# - TARGET AUDIENCE NOTE
Target audience note 500 <br/>
Source Lexile <br/>
521 8# - TARGET AUDIENCE NOTE
Target audience note J <br/>
Source Raz-Plus <br/>
650 ## - SUBJECT ADDED ENTRY--TOPICAL TERM
Topical term or geographic name entry element ghost
Form subdivision fiction
700 ## - ADDED ENTRY--PERSONAL NAME
Personal name Cox, Richard
Relator term illustrator
942 ## - ADDED ENTRY ELEMENTS (KOHA)
Source of classification or shelving scheme Dewey Decimal Classification
Koha item type Books
Suppress in OPAC No
Holdings
Withdrawn status Lost status Source of classification or shelving scheme Damaged status Not for loan Collection Home library Current library Shelving location Date acquired Total Checkouts Full call number Barcode Date last seen Date last checked out Copy number Price effective from Koha item type
    Dewey Decimal Classification     Fiction Footprints International School Library Network Toul Kork Campus Footprints International School Library Network Toul Kork Campus   05/17/2024   LAS 398.25 2024-0626 05/17/2024   2 05/17/2024 Books
    Dewey Decimal Classification     Fiction Footprints International School Library Network Toul Kork Campus Footprints International School Library Network Toul Kork Campus   05/17/2024   LAS 398.25 2024-0627 05/17/2024   3 05/17/2024 Books
    Dewey Decimal Classification     Fiction Footprints International School Library Network Toul Kork Campus Footprints International School Library Network Toul Kork Campus   05/17/2024 1 LAS 398.25 2024-0628 05/07/2025 04/24/2025 4 05/17/2024 Books
    Dewey Decimal Classification     Fiction Footprints International School Library Network Toul Kork Campus Footprints International School Library Network Toul Kork Campus   05/17/2024 1 LAS 398.25 2024-0629 05/29/2025 05/08/2025 5 05/17/2024 Books
    Dewey Decimal Classification     Fiction Footprints International School Library Network Toul Kork Campus Footprints International School Library Network Toul Kork Campus   05/17/2024   LAS 398.25 2024-0630 05/17/2024   6 05/17/2024 Books
    Dewey Decimal Classification     Fiction Footprints International School Library Network Toul Kork Campus Footprints International School Library Network Toul Kork Campus   05/17/2024   LAS 398.25 2024-0631 05/17/2024   7 05/17/2024 Books
    Dewey Decimal Classification     Fiction Footprints International School Library Network Toul Kork Campus Footprints International School Library Network Toul Tom Poung Campus   05/17/2024 2 LAS 398.25 2024-0625 05/29/2025 05/16/2025 1 05/17/2024 Books